THE NEW AMERICAN MACHINST'S HANDBOOK (Record no. 584181)
[ view plain ]
| 000 -LEADER | |
|---|---|
| fixed length control field | 00358nam a22001337a 4500 |
| 020 ## - INTERNATIONAL STANDARD BOOK NUMBER | |
| International Standard Book Number | 07-037065-6 |
| 082 ## - DEWEY DECIMAL CLASSIFICATION NUMBER | |
| Classification number | 030.5 NEW |
| 100 ## - MAIN ENTRY--PERSONAL NAME | |
| Personal name | GRAND, RUPERT LE,COLVIN, FRED H |
| 9 (RLIN) | 79116 |
| 245 ## - TITLE STATEMENT | |
| Title | THE NEW AMERICAN MACHINST'S HANDBOOK |
| 260 ## - PUBLICATION, DISTRIBUTION, ETC. | |
| Place of publication, distribution, etc. | NEW YORK |
| Name of publisher, distributor, etc. | MCGRAW HILL |
| Date of publication, distribution, etc. | 1955 |
| 300 ## - PHYSICAL DESCRIPTION | |
| Extent | V,1009P |
| 650 ## - SUBJECT ADDED ENTRY--TOPICAL TERM | |
| Topical term or geographic name entry element | AMERICAN MACHINST'S HANDBOOK |
| 9 (RLIN) | 79117 |
| 942 ## - ADDED ENTRY ELEMENTS (KOHA) | |
| Koha item type | Book |
| Withdrawn status | Lost status | Damaged status | Not for loan | Permanent Location | Current Location | Shelving location | Date acquired | Total Checkouts | Full call number | Barcode | Date last seen | Price effective from | Koha item type |
|---|---|---|---|---|---|---|---|---|---|---|---|---|---|
| College of Electrical & Mechanical Engineering (CEME) | College of Electrical & Mechanical Engineering (CEME) | Reference | 07/03/2017 | 030.5 NEW | CEME-7073 | 06/28/2021 | 06/28/2021 | Book |
